Distinction tir a l'arc - Statistiques

Statistiques générales
  • Ce quiz a été pris 18 fois
  • Le résultat moyen est 2 sur 22
Statistiques - réponses
Hint Réponse % Correct
8 Fleches
100%
5 Plumes
53%
3 Lynx tir 3D
7%
7 Badges arc classique
0%
7 Badges arc poulies
0%
36 Badges fita arc classique
0%
9 Badges fita arc poulies
0%
6 Brocards tir 3D
0%
10 Coq fita
0%
6 Écureuil campagne
0%
5 Ecusson classique
0%
5 Ecusson poulies
0%
6 Fita 2x70
0%
7 Fita arrow head
0%
12 Fita star
0%
5 Jeune espoirs
0%
4 Marcassin campagne
0%
3 Marcassin nature
0%
4 Marmot beursault
0%
6 Sanglier nature
0%
6 Target arc classique, arc poulies
0%
8 Tir salle 2x182x25
0%
Aucun quiz correspondant
Distribution des résultats
% des personnes avec chaque résultat
Percentile par nombre de réponses
Votre historique - résultats
Vous n’avez pas pris ce quiz